Excel 2013 for dummies (Record no. 29966)
[ view plain ]
| 000 -LEADER | |
|---|---|
| fixed length control field | 01461nam a2200337 a 4500 |
| 100 1# - MAIN ENTRY--AUTHOR NAME | |
| Personal name | Harvey, Greg. |
| 245 10 - TITLE STATEMENT | |
| Title | Excel 2013 for dummies |
| 260 ## - PUBLICATION, DISTRIBUTION, ETC. (IMPRINT) | |
| Place of publication | Hoboken, N.J. : |
| Name of publisher | John Wiley & Sons, Inc., |
| Year of publication | 2013. |
| 300 ## - PHYSICAL DESCRIPTION | |
| Number of Pages | xii, 394 p. : |
| Other physical details | ill. |
| 500 ## - GENERAL NOTE | |
| General note | Includes index. |
| 505 0# - FORMATTED CONTENTS NOTE | |
| Formatted contents note | pt. I. Getting started with Excel 2013 -- pt. II. Editing without tears -- pt. III. Getting organized and staying that way -- pt. IV. Digging data analysis -- pt. V. Life beyond the spreadsheet -- pt. VI. The part of tens. |
| 650 #0 - SUBJECT ADDED ENTRY--TOPICAL TERM | |
| Topical Term | Electronic spreadsheets. |
| Topical Term | Business |
| 856 40 - ELECTRONIC LOCATION AND ACCESS | |
| Uniform Resource Identifier | http://site.ebrary.com/lib/rucke/Doc?id=10645210 |
No items available.
